000 00747nam a2200289Ia 4500
005 20260324122116.0
008 008 260324s9999 xx 000 0 eng d
020 _a9781351276566
037 _aEBOOK
040 _aCRL
040 _beng
040 _cCRL
041 _2eng
041 _aeng
084 _qCRL
100 _aF. Byron (Ron) Nahser; Robert N. Bellah; Georg Kell
_91165147
245 0 _aLearning to Read the Signs
245 0 _bReclaiming Pragmatism for the Practice of Sustainable Management
260 _bTaylor and Francis
260 _c2013
365 _a
365 _b180
856 _uhttp://www.taylorfrancis.com/books/9781351276566
942 _cEBOOK
999 _c1757652
_d1757652